Statistics for US Presidents With the Highest Net Worth

Click here to take the quiz!

General Stats

  • This quiz has been taken 87 times
  • The average score is 8 of 10

Answer Stats

RankEstimated Net WorthPresident% Correct
2$525 MillionGeorge Washington
94%
10$60 MillionFranklin Delano Roosevelt
89%
4$125 MillionTheodore Roosevelt
89%
1Nearly $1 BillionJohn F. Kennedy
86%
3$212 MillionThomas Jefferson
84%
9$70 MillionBill Clinton
75%
8$75 MillionHerbert Hoover
66%
5$119 MillionAndrew Jackson
63%
6$101 MillionJames Madison
62%
7$98 MillionLyndon B. Johnson
58%

Score Distribution

Percentile by Number Answered

Percent of People with Each Score

Your Score History

You have not taken this quiz